000 00349 a2200145 4500
001 151084
040 _cEscola São Tomás de Aquino
100 _aLIMA, Maria Luisa de Abreu
240 1 0 _aMogli, o menino-lobo
_lpor
245 1 0 _aMogli, o menino-lobo
362 0 _a1999
440 1 _aImpala Brasil
697 _a*LITERATURA INFANTO
942 _cBK
999 _c151084
_d151084